00795 2200265 4500001002100000005001700021008004100038020001800079035002500097040001200122082001900134084002100153100002300174245011100197260003300308300003500341504002600376650002900402700002000431700001200451850001200463990001800475990001800493990001800511INLIS00000000001319620150919114138.0  a979-28-0731-8 a0010-091500000001709 aYOPDYOG 2[23]a499.2225 aT 499.2225 End T aENDANG DWI LESTARI aTembung ngoko-krama-bahasa Indonesiac/ Endang Dwi Lestari ; editor, Nunung Yuli Eti ; ilustrator, Junarko aKlatenbIntan Pariwarac2010 aiv, 76 hlm.b: ilus. ;c25 cm. aBibliografi : hlm. 76 aBahasa JawaxTata Bahasa aNunung Yuli Eti aJunarko aYOPDYOG a20698-PD/B.15 a20699-PD/B.15 a20700-PD/B.15